Egypt

Bibliographic Details
Main Author: Aykroyd, Clarissa
Format: Book
Published: Philadelphia : Mason Crest Publishers , 2004
Series:Modern Middle East nations and their strategic place in the world
Subjects:

MARC

LEADER 00000cam a2200000 7i4500
001 0000015245
005 20080402.0
008 080319
020 |a 1590845056 
090 0 0 |a 962   |b AYK 
100 1 |a Aykroyd, Clarissa 
245 1 0 |a Egypt   |c Clarissa Aykroyd 
260 |a Philadelphia :   |b Mason Crest Publishers ,   |c 2004 
440 |a Modern Middle East nations and their strategic place in the world 
650 0 |a Egypt   |x Juvenile literature 
999 |a 0001016811   |b Book   |c REFERENCE   |e Perbadanan Perpustakaan Awam Johor